Geography Quiz

Random Geography or State Quiz
Score 0/6 Timer 00:30
0 Plays Today
Answer % Correct
Colorado
91.8%
Nevada
90.8%
Arizona
83.7%
Wyoming
77%
New Mexico
76.3%
Idaho
75.3%

You're not logged in!

Compare scores with friends on all Sporcle quizzes.
OR
Log In

Sporcle TV

Today on Sporcle TV


Watch our educational content, quiz creation guides, and fun videos on Sporcle TV.

Show Comments

Extras

Top Quizzes Today


Score Distribution

Your Account Isn't Verified!

In order to create a playlist on Sporcle, you need to verify the email address you used during registration. Go to your Sporcle Settings to finish the process.

Report this User

Report this user for behavior that violates our Community Guidelines.

Details: